| Registos Bibliográficos associados ao registo de autoridade |
|
Etiqueta de registo: 00254nam 2200025 450 001 2208524 003 http://id.bnportugal.gov.pt/bib/catbnp/2208524 021 ## $aPT$b544652/25 100 ## $a20250319d2025 m y0pory01030103ba 101 1# $apor$ceng 102 ## $aPT 105 ## $ay z 000yy 106 ## $ar 200 1# $aDiscipulado$ediscípulos são feitos, não nascem prontos$fWalter Henrichsen 210 #9 $a[S.l.]$cMonte Esperança-Instituto Bíblico das Assembleias de Deus,$dD.L. 2025 215 ## $a143 p.$d30 cm 305 ## $aEd. académica 675 ## $a279-312$vBN$zpor$31499114 675 ## $a279-4$vBN$zpor$31705168 700 #1 $aHenrichsen,$bWalter,$f1934-$31948953 801 #0 $aPT$bBN$gRPC 856 41 $uhttp://rnod.bnportugal.gov.pt/ImagesBN/winlibimg.aspx?skey=&doc=2208524&img=206737&save=true 900 ## $aBIBNAC$d20250414 966 ## $lBN$mFGMON$sR. 33047 V.$x1 971 ## $casantos$d20250319 972 ## $e0$z0$d20250414$vlrevez 973 ## $cacosta$d20250409
Etiqueta de registo: 00254nam 2200025 450 001 2277953 003 http://id.bnportugal.gov.pt/bib/catbnp/2277953 021 ## $aPT$b559869/26 100 ## $a20260309d2026 m y0pory01030103ba 101 1# $apor 102 ## $aPT 105 ## $ay z 000yy 106 ## $ar 200 1# $aDiscipulado$ediscípulos são feitos, não nascem prontos$fWalter Henrichsen$gpref. Howard G. Hendricks 205 ## $a1ª ed 210 #9 $a[S.l.]$cMonte Esperança - Instituto Bíblico das Assembleias de Deus em Portugal,$dD.L. 2026 215 ## $a143 p.$d30 cm 675 ## $a279-312$vBN$zpor$31499114 675 ## $a279-4$vBN$zpor$31705168 700 #1 $aHenrichsen,$bWalter,$f1934-$31948953 702 #1 $aHendricks,$bHoward G.,$f1924-2013$4080$31989835 801 #0 $aPT$bBN$gRPC 856 41 $uhttp://rnod.bnportugal.gov.pt/ImagesBN/winlibimg.aspx?skey=&doc=2277953&img=220982&save=true 900 ## $aBIBNAC$d20260407 966 ## $lBN$mFGMON$sR. 33453 V.$x1 971 ## $cabrito$d20260309 972 ## $e0$z0$d20260407$vasantos 973 ## $csteixeira$d20260331
|
|
|